000 00706cab a2200241 4500
001 WB3204-17
008 090401t1996 xxu||||| |||| 00| 0 eng d
035 _a(Sirsi) u8410
041 _aeng
245 _aFactory outlets successful
260 _c1996
350 _a0
490 _aTimes
_v22 January 1996, 38(2)
520 _aAlthough there are only nine factory villages in Britain, they are proving so successful that several more are planned.
650 _aFACTORY OUTLETS
650 _aFACTORY SHOPS
650 _aFACTORY VILLAGES
650 _aRETAIL PROPERTY
650 _aSHOPPING MALLS
690 _aPROPERTY-COMMERCIAL PROPERTY-RETAIL PROPERTY
942 _n0
948 _c04/03/1997
999 _c5179
_d5179